De Karol Wojtyla a Juan Pablo II

Spremljeno u:
Bibliografski detalji
Glavni autori: Toro, Consuelo (Autor), Vial, Elena (Autor)
Format: Knjiga
Jezik:španjolski
Izdano: Santiago Universidad Católica 1986
Teme:
Oznake: Dodaj oznaku
Bez oznaka, Budi prvi tko označuje ovaj zapis!

MARC

LEADER 00000nam a2200000 a 4500
001 UCL5133
003 CL-VaPUC
008 040305e19861200CL |||||||||||||||||spa|d
082 0 4 |a 282.092  |b TOR  |2 21 
100 0 |a Toro, Consuelo  |e author  |9 482819 
700 0 |a Vial, Elena  |e author  |9 482820 
245 1 0 |a De Karol Wojtyla a Juan Pablo II 
300 |a 103 p 
942 |c BK 
945 |d 20040305 00:00:00  |a vberengu 
260 |a Santiago  |b Universidad Católica  |c 1986 
600 0 7 |a JUAN PABLO II PAPA  |2 CL-VaPUC  |9 257113 
600 0 7 |a WOJTYLA, KAROL  |2 CL-VaPUC  |9 352234 
650 0 |a Biografías  |9 255210 
583 |a last modification  |c 20040305 00:00:00  |k Rodrigo Vera 
999 |c 307802  |d 307800 
952 |0 0  |1 0  |4 0  |6 282_092000000000000_TOR_1986  |7 0  |8 A  |9 373925  |a BIBTEO  |b BIBTEO  |d 2019-11-21  |i 2104377  |o 282.092 TOR 1986  |p 2104377  |r 2024-01-18  |w 2019-11-21  |y BK  |k ICR